[Event "5th European Small Nations"]
[Site "Andorra la Vella"]
[Date "2017.11.15"]
[Round "5.4"]
[White "Muendle, Kurt"]
[Black "Klerides, Paris"]
[Result "0-1"]
[BlackElo "2189"]
[WhiteElo "1839"]
[LiveChessVersion "1.4.8"]

1. d4 {[%clk 1:30:54]} e6 {[%clk 1:30:53]} 2. c4 {[%clk 1:31:09]} Nf6
{[%clk 1:31:16]} 3. Nf3 {[%clk 1:31:16]} c5 {[%clk 1:31:42]} 4. d5
{[%clk 1:29:47]} exd5 {[%clk 1:32:09]} 5. cxd5 Bd6 6. Nc3 {[%clk 1:28:34]} Bc7
{[%clk 1:32:32]} 7. g3 {[%clk 1:26:52]} d6 {[%clk 1:32:58]} 8. Bg2 O-O 9. O-O
{[%clk 1:25:59]} Re8 {[%clk 1:33:17]} 10. Nd2 {[%clk 1:22:46]} a6
{[%clk 1:33:27]} 11. a4 {[%clk 1:23:09]} Nbd7 {[%clk 1:33:18]} 12. Nc4
{[%clk 1:22:39]} Rb8 {[%clk 1:33:10]} 13. a5 {[%clk 1:21:43]} Nf8
{[%clk 1:31:09]} 14. e4 {[%clk 1:17:40]} Ng6 {[%clk 1:31:23]} 15. f4
{[%clk 1:15:09]} Bd7 {[%clk 1:05:16]} 16. e5 {[%clk 1:09:04]} Bb5
{[%clk 1:05:03]} 17. Nxb5 {[%clk 0:44:00]} axb5 {[%clk 1:05:23]} 18. exd6
{[%clk 0:30:30]} Bxd6 {[%clk 1:04:35]} 19. Nxd6 {[%clk 0:30:31]} Qxd6
{[%clk 1:05:03]} 20. Qd3 {[%clk 0:25:08]} c4 {[%clk 1:03:09]} 21. Qd4
{[%clk 0:21:16]} Rbd8 {[%clk 0:56:05]} 22. b3 {[%clk 0:18:08]} Rc8
{[%clk 0:46:44]} 23. Bb2 {[%clk 0:15:10]} Re2 {[%clk 0:43:26]} 24. Bf3
{[%clk 0:13:03]} Rc2 {[%clk 0:36:20]} 25. Bd1 {[%clk 0:08:21]} Rxb2
{[%clk 0:34:12]} 26. Qxb2 {[%clk 0:08:41]} c3 {[%clk 0:34:32]} 27. Qc2
{[%clk 0:08:02]} Nxd5 {[%clk 0:34:36]} 28. Qe4 {[%clk 0:06:08]} Qc5+
{[%clk 0:30:47]} 29. Kh1 {[%clk 0:05:42]} c2 {[%clk 0:20:28]} 30. Bf3
{[%clk 0:05:42]} Ne3 {[%clk 0:18:27]} 31. Rfc1 {[%clk 0:05:30]} Rc7
{[%clk 0:16:47]} 32. a6 {[%clk 0:05:01]} bxa6 {[%clk 0:16:53]} 33. Rxa6
{[%clk 0:05:29]} Re7 {[%clk 0:08:57]} 34. Qc6 {[%clk 0:04:53]} Qb4
{[%clk 0:09:09]} 35. Ra8+ {[%clk 0:04:58]} Nf8 {[%clk 0:09:31]} 36. h4
{[%clk 0:03:28]} Qd2 {[%clk 0:08:28]} 37. Rg1 {[%clk 0:03:48]} Nd1
{[%clk 0:03:04]} 38. Bxd1 {[%clk 0:02:33]} cxd1=Q {[%clk 0:02:43]} 39. Rxd1
{[%clk 0:01:32]} Qxd1+ {[%clk 0:03:08]} 40. Kh2 {[%clk 0:02:00]} Qd2+
{[%clk 0:02:03]} 0-1

[Event "5th European Small Nations"]
[Site "Andorra la Vella"]
[Date "2017.11.15"]
[Round "5.5"]
[White "De La Riva Aguado, Oscar"]
[Black "Rowe, Peter"]
[Result "1-0"]
[BlackElo "1945"]
[WhiteElo "2482"]
[LiveChessVersion "1.4.8"]

1. e4 {[%clk 1:29:52]} c5 {[%clk 1:30:41]} 2. Nf3 {[%clk 1:30:02]} Nc6
{[%clk 1:30:57]} 3. Bb5 {[%clk 1:29:39]} Nf6 {[%clk 1:30:34]} 4. Bxc6
{[%clk 1:28:20]} dxc6 {[%clk 1:30:18]} 5. d3 {[%clk 1:28:44]} Bg4
{[%clk 1:27:03]} 6. h3 {[%clk 1:27:19]} Bh5 {[%clk 1:25:10]} 7. Qe2
{[%clk 1:15:52]} Bxf3 {[%clk 1:15:55]} 8. Qxf3 {[%clk 1:16:07]} e5
{[%clk 1:15:35]} 9. Nd2 {[%clk 1:13:25]} Nd7 {[%clk 1:05:15]} 10. Qg3
{[%clk 1:04:54]} Qf6 {[%clk 0:55:59]} 11. Nc4 {[%clk 1:03:54]} Be7
{[%clk 0:41:00]} 12. a4 {[%clk 1:02:29]} Bd8 {[%clk 0:38:30]} 13. O-O
{[%clk 0:54:00]} O-O {[%clk 0:32:50]} 14. f4 {[%clk 0:51:47]} exf4
{[%clk 0:22:43]} 15. Bxf4 {[%clk 0:51:45]} Qh4 {[%clk 0:18:17]} 16. Qf3
{[%clk 0:43:28]} b5 {[%clk 0:14:03]} 17. Ne3 {[%clk 0:38:00]} Qf6
{[%clk 0:11:31]} 18. axb5 {[%clk 0:37:47]} cxb5 {[%clk 0:11:05]} 19. e5
{[%clk 0:37:38]} Nxe5 {[%clk 0:08:11]} 20. Qxa8 {[%clk 0:37:31]} 1-0

[Event "5th European Small Nations"]
[Site "Andorra la Vella"]
[Date "2017.11.15"]
[Round "5.6"]
[White "Strade, Arita"]
[Black "Aloma Vidal, Robert"]
[Result "0-1"]
[BlackElo "2440"]
[WhiteElo "1864"]
[LiveChessVersion "1.4.8"]

1. e4 {[%clk 1:30:55]} e5 {[%clk 1:29:57]} 2. Nf3 {[%clk 1:30:44]} Nc6
{[%clk 1:30:20]} 3. Bb5 {[%clk 1:29:05]} a6 {[%clk 1:30:42]} 4. Ba4
{[%clk 1:28:05]} Nf6 {[%clk 1:31:05]} 5. O-O {[%clk 1:27:58]} Be7
{[%clk 1:30:19]} 6. c3 {[%clk 1:25:31]} Nxe4 {[%clk 1:24:55]} 7. Bxc6
{[%clk 1:04:30]} dxc6 {[%clk 1:25:12]} 8. Nxe5 {[%clk 1:03:50]} O-O
{[%clk 1:23:00]} 9. d4 {[%clk 1:03:43]} c5 {[%clk 1:22:52]} 10. Be3
{[%clk 1:01:47]} cxd4 {[%clk 1:21:40]} 11. Qxd4 {[%clk 1:00:44]} Nd6
{[%clk 1:21:35]} 12. Bf4 {[%clk 0:59:35]} Be6 {[%clk 1:20:52]} 13. Na3
{[%clk 0:59:09]} Nf5 {[%clk 0:59:45]} 14. Qxd8 {[%clk 0:45:03]} Raxd8
{[%clk 0:55:52]} 15. Nc2 {[%clk 0:44:10]} g5 {[%clk 0:55:56]} 16. Bc1
{[%clk 0:38:30]} c5 {[%clk 0:52:20]} 17. f4 {[%clk 0:30:10]} f6 {[%clk 0:51:08]}
18. Ng4 {[%clk 0:29:24]} h5 {[%clk 0:42:26]} 19. Nf2 {[%clk 0:25:59]} g4
{[%clk 0:37:00]} 20. Ne3 {[%clk 0:23:15]} Ng7 {[%clk 0:34:53]} 21. c4
{[%clk 0:22:08]} f5 {[%clk 0:31:49]} 22. b3 {[%clk 0:20:01]} Bf6 {[%clk 0:32:00]}
23. Rb1 {[%clk 0:20:26]} Bd4 {[%clk 0:32:24]} 24. Nc2 {[%clk 0:20:24]} Bc3
{[%clk 0:31:21]} 25. Nd1 {[%clk 0:19:51]} Bf6 {[%clk 0:30:16]} 26. Be3
{[%clk 0:18:45]} b6 {[%clk 0:30:36]} 27. a4 {[%clk 0:16:35]} Rd3 {[%clk 0:28:48]}
28. Nf2 {[%clk 0:15:04]} Rc3 {[%clk 0:27:21]} 29. Rfc1 {[%clk 0:14:37]} Rd8
{[%clk 0:27:22]} 30. Kf1 {[%clk 0:14:50]} b5 {[%clk 0:24:05]} 31. axb5
{[%clk 0:08:30]} axb5 {[%clk 0:24:32]} 32. Bxc5 {[%clk 0:07:51]} bxc4
{[%clk 0:22:58]} 33. b4 {[%clk 0:07:46]} Rd2 {[%clk 0:21:44]} 34. Ne3
{[%clk 0:07:11]} Rxc1+ {[%clk 0:20:27]} 35. Rxc1 {[%clk 0:07:36]} c3
{[%clk 0:19:58]} 36. b5 {[%clk 0:07:38]} Rb2 {[%clk 0:18:35]} 37. b6
{[%clk 0:06:48]} Rb5 {[%clk 0:15:54]} 38. Nd3 {[%clk 0:04:10]} Ba2
{[%clk 0:16:14]} 39. Ke2 {[%clk 0:03:35]} Ne6 {[%clk 0:16:14]} 40. Bb4
{[%clk 0:33:29]} Nxf4+ {[%clk 0:35:56]} 41. Nxf4 {[%clk 0:32:44]} Rxb4
{[%clk 0:36:24]} 42. Nfd5 {[%clk 0:24:58]} Rb2+ {[%clk 0:36:29]} 43. Ke1
{[%clk 0:23:24]} Bxd5 {[%clk 0:35:23]} 44. Nxd5 {[%clk 0:23:45]} Bg5
{[%clk 0:35:29]} 45. Rc2 {[%clk 0:17:21]} Rxc2 {[%clk 0:34:27]} 0-1

[Event "5th European Small Nations"]
[Site "Andorra la Vella"]
[Date "2017.11.15"]
[Round "5.7"]
[White "Garcia Paolicchi, Raul"]
[Black "Brookfield, Toby"]
[Result "1-0"]
[BlackElo "1864"]
[WhiteElo "2150"]
[LiveChessVersion "1.4.8"]

1. d4 {[%clk 1:30:56]} f5 {[%clk 1:30:47]} 2. g3 {[%clk 1:31:01]} Nf6
{[%clk 1:31:04]} 3. Bg2 {[%clk 1:31:19]} e6 {[%clk 1:31:18]} 4. Nd2
{[%clk 1:31:21]} d5 {[%clk 1:30:55]} 5. Nh3 {[%clk 1:31:35]} Bd6 {[%clk 1:28:21]}
6. Nf3 {[%clk 1:31:37]} O-O {[%clk 1:21:25]} 7. Nf4 {[%clk 1:30:31]} Ne4
{[%clk 1:12:37]} 8. O-O {[%clk 1:28:10]} Qe8 {[%clk 1:05:23]} 9. Nd3
{[%clk 1:24:42]} Nd7 {[%clk 1:03:39]} 10. Bf4 {[%clk 1:22:25]} Bxf4
{[%clk 1:01:17]} 11. Nxf4 {[%clk 1:22:37]} Ndf6 {[%clk 1:00:23]} 12. Ne5
{[%clk 1:17:06]} b6 {[%clk 0:48:31]} 13. Rc1 {[%clk 0:58:54]} Bb7
{[%clk 0:43:54]} 14. c4 {[%clk 0:55:45]} c6 {[%clk 0:42:00]} 15. c5
{[%clk 0:50:40]} bxc5 {[%clk 0:39:54]} 16. f3 {[%clk 0:48:33]} Nd6
{[%clk 0:39:29]} 17. Rxc5 {[%clk 0:48:38]} Nf7 {[%clk 0:36:13]} 18. Nfd3
{[%clk 0:44:56]} Nxe5 {[%clk 0:35:04]} 19. Nxe5 {[%clk 0:45:21]} Nd7
{[%clk 0:34:24]} 20. Nxd7 {[%clk 0:45:46]} Qxd7 {[%clk 0:34:43]} 21. f4
{[%clk 0:43:41]} Qe7 {[%clk 0:32:57]} 22. Qc1 {[%clk 0:35:50]} h6
{[%clk 0:31:57]} 23. Qe3 {[%clk 0:32:53]} Rf7 {[%clk 0:25:15]} 24. Rf3
{[%clk 0:31:54]} Raf8 {[%clk 0:24:57]} 25. Qe5 {[%clk 0:31:57]} g5
{[%clk 0:24:13]} 26. Ra3 {[%clk 0:31:39]} a6 {[%clk 0:22:43]} 27. Rb3
{[%clk 0:29:04]} g4 {[%clk 0:21:23]} 28. Rcc3 {[%clk 0:24:33]} h5
{[%clk 0:21:35]} 29. Rb6 {[%clk 0:24:48]} h4 {[%clk 0:09:10]} 30. Rcb3
{[%clk 0:24:16]} Bc8 {[%clk 0:09:13]} 31. Rxc6 {[%clk 0:22:45]} hxg3
{[%clk 0:08:25]} 32. hxg3 {[%clk 0:21:07]} Rh7 {[%clk 0:08:43]} 33. Rbc3
{[%clk 0:14:56]} Bd7 {[%clk 0:06:27]} 34. Rc7 {[%clk 0:13:41]} Qe8
{[%clk 0:05:18]} 35. Qd6 {[%clk 0:08:56]} Bb5 {[%clk 0:02:51]} 36. Rc8
{[%clk 0:06:07]} Qe7 {[%clk 0:02:36]} 37. Rxf8+ {[%clk 0:03:12]} Kxf8
{[%clk 0:01:36]} 38. Rc8+ {[%clk 0:03:20]} Be8 {[%clk 0:01:59]} 39. Qb8
{[%clk 0:02:06]} 1-0

[Event "5th European Small Nations"]
[Site "Andorra la Vella"]
[Date "2017.11.15"]
[Round "5.8"]
[White "Hale, Andrew"]
[Black "Ribera Baztan, Jose"]
[Result "1-0"]
[BlackElo "2120"]
[WhiteElo "1871"]
[LiveChessVersion "1.4.8"]

1. e4 {[%clk 1:30:54]} c5 {[%clk 1:30:47]} 2. c3 {[%clk 1:31:19]} Nf6
{[%clk 1:30:21]} 3. e5 {[%clk 1:31:34]} Nd5 {[%clk 1:30:39]} 4. d4
{[%clk 1:31:47]} cxd4 {[%clk 1:30:34]} 5. Nf3 {[%clk 1:31:49]} d6
{[%clk 1:28:33]} 6. cxd4 {[%clk 1:31:59]} Nc6 {[%clk 1:28:51]} 7. Bc4
{[%clk 1:32:03]} dxe5 {[%clk 1:28:54]} 8. dxe5 {[%clk 1:28:04]} Nb6
{[%clk 1:29:04]} 9. Qxd8+ {[%clk 1:26:27]} Nxd8 {[%clk 1:29:22]} 10. Bb5+
{[%clk 1:26:24]} Nc6 {[%clk 1:29:20]} 11. Nd4 {[%clk 1:20:00]} Bd7
{[%clk 1:24:53]} 12. Nxc6 {[%clk 1:19:14]} bxc6 {[%clk 1:23:39]} 13. Ba6
{[%clk 1:19:12]} Nd5 {[%clk 1:18:43]} 14. a3 {[%clk 1:16:12]} g6 {[%clk 1:18:17]}
15. Nd2 {[%clk 1:10:19]} Bg7 {[%clk 1:16:31]} 16. Nc4 {[%clk 1:08:44]} Nc7
{[%clk 1:16:26]} 17. Bb7 {[%clk 1:08:14]} Rb8 {[%clk 1:16:45]} 18. Na5
{[%clk 1:08:27]} Bxe5 {[%clk 1:10:22]} 19. Bxc6 {[%clk 1:06:24]} Bxb2
{[%clk 1:06:58]} 20. Bxd7+ {[%clk 1:06:11]} Kxd7 {[%clk 1:07:16]} 21. Bxb2
{[%clk 1:06:36]} Rxb2 {[%clk 1:07:21]} 22. O-O-O+ {[%clk 1:06:59]} 1-0

[Event "5th European Small Nations"]
[Site "Andorra la Vella"]
[Date "2017.11.15"]
[Round "5.10"]
[White "Righi, Ezio"]
[Black "Hoegener, Claude"]
[Result "1-0"]
[BlackElo "2118"]
[WhiteElo "2039"]
[LiveChessVersion "1.4.8"]

1. e4 {[%clk 1:30:57]} e6 {[%clk 1:27:33]} 2. d4 {[%clk 1:31:14]} d5
{[%clk 1:27:52]} 3. Nc3 {[%clk 1:31:29]} Nf6 {[%clk 1:28:17]} 4. Bg5
{[%clk 1:31:28]} Bb4 {[%clk 1:28:41]} 5. e5 {[%clk 1:31:10]} h6 {[%clk 1:29:06]}
6. Be3 {[%clk 1:30:51]} Ne4 {[%clk 1:29:11]} 7. Nge2 {[%clk 1:30:04]} c5
{[%clk 1:29:06]} 8. f3 {[%clk 1:28:22]} Nxc3 {[%clk 1:26:26]} 9. bxc3
{[%clk 1:22:17]} cxd4 {[%clk 1:25:19]} 10. Qxd4 {[%clk 1:20:55]} Nc6
{[%clk 1:23:44]} 11. Qg4 {[%clk 1:21:09]} Bf8 {[%clk 1:22:50]} 12. Bd4
{[%clk 1:01:00]} Qa5 {[%clk 1:20:42]} 13. Kf2 {[%clk 0:52:43]} g6
{[%clk 1:19:33]} 14. f4 {[%clk 0:44:28]} Qa3 {[%clk 1:18:35]} 15. h4
{[%clk 0:38:41]} Qb2 {[%clk 1:16:54]} 16. Rc1 {[%clk 0:38:22]} h5
{[%clk 1:16:11]} 17. Qf3 {[%clk 0:38:39]} Ba3 {[%clk 1:15:45]} 18. g4
{[%clk 0:35:55]} Qxa2 {[%clk 1:14:45]} 19. Re1 {[%clk 0:31:41]} Qxc2
{[%clk 1:13:40]} 20. Bh3 {[%clk 0:31:50]} hxg4 {[%clk 1:10:31]} 21. Bxg4
{[%clk 0:32:04]} Bd7 {[%clk 1:09:10]} 22. h5 {[%clk 0:29:32]} O-O-O
{[%clk 1:00:49]} 23. hxg6 {[%clk 0:28:08]} Rxh1 {[%clk 0:57:05]} 24. Rxh1
{[%clk 0:28:33]} Qxg6 {[%clk 0:57:11]} 25. Bh5 {[%clk 0:23:28]} Qh7
{[%clk 0:51:31]} 26. Bg4 {[%clk 0:22:47]} Qc2 {[%clk 0:48:35]} 27. Qh3
{[%clk 0:21:18]} Bb2 {[%clk 0:48:19]} 28. Qe3 {[%clk 0:19:05]} a5
{[%clk 0:45:30]} 29. Bb6 {[%clk 0:18:24]} d4 {[%clk 0:26:49]} 30. cxd4
{[%clk 0:17:06]} Rg8 {[%clk 0:25:38]} 31. Bf3 {[%clk 0:17:08]} Nb4
{[%clk 0:25:20]} 32. Be4 {[%clk 0:16:05]} Qa4 {[%clk 0:18:14]} 33. Rb1
{[%clk 0:11:48]} Qb5 {[%clk 0:12:27]} 34. Bxa5 {[%clk 0:10:58]} Qxa5
{[%clk 0:12:06]} 35. Rxb2 {[%clk 0:11:15]} Nd5 {[%clk 0:12:09]} 36. Qb3
{[%clk 0:08:31]} Qc7 {[%clk 0:05:27]} 37. Ra2 {[%clk 0:03:45]} Qb8
{[%clk 0:05:28]} 38. Bxd5 {[%clk 0:03:31]} exd5 {[%clk 0:05:49]} 39. Qxd5 1-0

[Event "5th European Small Nations"]
[Site "Andorra la Vella"]
[Date "2017.11.15"]
[Round "5.11"]
[White "Linster, Philippe"]
[Black "Volpinari, Danilo"]
[Result "1-0"]
[BlackElo "1976"]
[WhiteElo "2230"]
[LiveChessVersion "1.4.8"]

1. c4 {[%clk 1:27:44]} c5 {[%clk 1:30:18]} 2. Nc3 {[%clk 1:27:51]} Nc6
{[%clk 1:30:33]} 3. g3 {[%clk 1:27:13]} g6 {[%clk 1:30:15]} 4. Bg2
{[%clk 1:27:39]} Bg7 {[%clk 1:30:39]} 5. Nf3 {[%clk 1:27:52]} e5 {[%clk 1:30:07]}
6. O-O {[%clk 1:27:52]} Nge7 {[%clk 1:30:14]} 7. Ne1 {[%clk 1:27:53]} d6
{[%clk 1:28:30]} 8. Nc2 {[%clk 1:28:11]} Be6 {[%clk 1:27:59]} 9. Ne3
{[%clk 1:28:36]} O-O {[%clk 1:27:40]} 10. d3 {[%clk 1:27:11]} Rb8
{[%clk 1:22:36]} 11. a3 {[%clk 1:06:20]} a5 {[%clk 1:22:10]} 12. Rb1
{[%clk 1:05:55]} Qd7 {[%clk 1:17:29]} 13. Ned5 {[%clk 1:03:11]} f6
{[%clk 1:09:59]} 14. Bd2 {[%clk 0:58:29]} b6 {[%clk 1:00:52]} 15. Qa4
{[%clk 0:46:52]} Qd8 {[%clk 0:53:50]} 16. b4 {[%clk 0:43:30]} axb4
{[%clk 0:48:17]} 17. axb4 {[%clk 0:43:53]} cxb4 {[%clk 0:43:51]} 18. Nxb4
{[%clk 0:43:48]} Nxb4 {[%clk 0:42:12]} 19. Rxb4 {[%clk 0:43:44]} d5
{[%clk 0:40:04]} 20. cxd5 {[%clk 0:41:11]} Nxd5 {[%clk 0:40:18]} 21. Nxd5
{[%clk 0:41:26]} Bxd5 {[%clk 0:40:41]} 22. Bxd5+ {[%clk 0:41:48]} Qxd5
{[%clk 0:41:03]} 23. Rfb1 {[%clk 0:33:23]} Ra8 {[%clk 0:18:57]} 24. Qb3
{[%clk 0:33:46]} Qxb3 {[%clk 0:19:10]} 25. R4xb3 {[%clk 0:34:07]} Ra2
{[%clk 0:18:53]} 26. R3b2 {[%clk 0:34:10]} Rfa8 {[%clk 0:17:37]} 27. Be3
{[%clk 0:32:58]} b5 {[%clk 0:15:26]} 28. Rxa2 {[%clk 0:31:53]} Rxa2
{[%clk 0:15:46]} 29. Kf1 {[%clk 0:32:17]} Rc2 {[%clk 0:12:55]} 30. Rxb5
{[%clk 0:32:00]} Rc7 {[%clk 0:13:13]} 31. g4 {[%clk 0:30:16]} Kf7
{[%clk 0:12:16]} 32. Kg2 {[%clk 0:25:07]} Ke6 {[%clk 0:11:06]} 33. Kf3
{[%clk 0:24:05]} Rd7 {[%clk 0:08:25]} 34. Ra5 {[%clk 0:18:28]} Rb7
{[%clk 0:07:59]} 35. Ba7 {[%clk 0:15:23]} Rd7 {[%clk 0:07:18]} 36. h3
{[%clk 0:12:16]} Rb7 {[%clk 0:07:22]} 37. Ra6+ {[%clk 0:12:21]} Kf7
{[%clk 0:06:41]} 38. Bc5 {[%clk 0:10:19]} Rc7 {[%clk 0:06:18]} 39. Be3
{[%clk 0:09:05]} Rd7 {[%clk 0:06:35]} 40. Ke4 {[%clk 0:38:56]} Ke7
{[%clk 0:34:12]} 41. h4 {[%clk 0:34:16]} Kf7 {[%clk 0:32:29]} 42. h5
{[%clk 0:34:05]} Bf8 {[%clk 0:11:25]} 43. g5 {[%clk 0:20:16]} Be7
{[%clk 0:09:44]} 44. gxf6 {[%clk 0:11:01]} Bxf6 {[%clk 0:10:10]} 45. h6
{[%clk 0:11:10]} Ke7 {[%clk 0:08:23]} 46. Ra7 {[%clk 0:09:58]} Rxa7
{[%clk 0:08:20]} 47. Bxa7 {[%clk 0:10:27]} Ke6 {[%clk 0:08:34]} 48. Be3
{[%clk 0:10:39]} Be7 {[%clk 0:08:19]} 49. Bc1 {[%clk 0:10:21]} Bc5
{[%clk 0:05:43]} 50. f3 {[%clk 0:07:55]} Be7 {[%clk 0:05:13]} 51. Bd2
{[%clk 0:08:18]} Bd8 {[%clk 0:04:13]} 52. f4 {[%clk 0:07:54]} exf4
{[%clk 0:04:07]} 53. Bxf4 {[%clk 0:08:23]} Be7 {[%clk 0:02:56]} 54. d4
{[%clk 0:08:42]} g5 {[%clk 0:02:12]} 55. Bd2 {[%clk 0:08:04]} g4 {[%clk 0:01:40]}
56. d5+ {[%clk 0:06:32]} Kf6 {[%clk 0:01:31]} 57. Kf4 {[%clk 0:06:16]} g3
{[%clk 0:01:42]} 58. Kxg3 {[%clk 0:05:47]} Ke5 {[%clk 0:01:28]} 59. Kg4
{[%clk 0:05:42]} Ke4 {[%clk 0:01:02]} 60. Bf4 {[%clk 0:05:52]} Kxd5
{[%clk 0:01:13]} 61. Kf5 {[%clk 0:06:18]} Bd8 {[%clk 0:00:49]} 62. e4+
{[%clk 0:06:31]} Kc6 {[%clk 0:00:47]} 63. Ke6 {[%clk 0:06:56]} Bh4
{[%clk 0:00:37]} 64. Kf7 {[%clk 0:06:34]} Kd7 {[%clk 0:00:46]} 65. e5
{[%clk 0:06:54]} 1-0

[Event "5th European Small Nations"]
[Site "Andorra la Vella"]
[Date "2017.11.15"]
[Round "5.12"]
[White "Berardi, Giancarlo"]
[Black "Gengler, Pierre"]
[Result "0-1"]
[BlackElo "2192"]
[WhiteElo "1837"]
[LiveChessVersion "1.4.8"]

1. c4 {[%clk 1:30:49]} g6 {[%clk 1:27:13]} 2. g3 {[%clk 1:31:07]} Bg7
{[%clk 1:27:31]} 3. Bg2 {[%clk 1:31:25]} e5 {[%clk 1:26:04]} 4. Nc3
{[%clk 1:31:25]} Nc6 {[%clk 1:26:10]} 5. Nf3 {[%clk 1:31:13]} d6 {[%clk 1:25:20]}
6. O-O {[%clk 1:31:14]} f5 {[%clk 1:23:36]} 7. d3 {[%clk 1:28:46]} Nf6
{[%clk 1:23:26]} 8. Rb1 {[%clk 1:25:53]} O-O {[%clk 1:23:04]} 9. Bd2
{[%clk 1:25:27]} h6 {[%clk 1:22:04]} 10. b4 {[%clk 1:19:56]} Be6 {[%clk 1:21:13]}
11. b5 {[%clk 1:18:38]} Ne7 {[%clk 1:20:40]} 12. a4 {[%clk 1:16:40]} Rc8
{[%clk 1:15:34]} 13. a5 {[%clk 1:09:30]} b6 {[%clk 1:07:53]} 14. a6
{[%clk 1:08:49]} g5 {[%clk 1:05:38]} 15. Rc1 {[%clk 0:55:21]} f4 {[%clk 0:55:34]}
16. Rc2 {[%clk 0:53:48]} Ng6 {[%clk 0:50:12]} 17. Qc1 {[%clk 0:53:41]} Nh7
{[%clk 0:37:58]} 18. Ne4 {[%clk 0:51:35]} g4 {[%clk 0:30:20]} 19. Ne1
{[%clk 0:50:43]} Ng5 {[%clk 0:29:26]} 20. Nxg5 {[%clk 0:48:15]} Qxg5
{[%clk 0:29:45]} 21. Bb7 {[%clk 0:47:11]} Rce8 {[%clk 0:29:54]} 22. Be4
{[%clk 0:23:33]} Bf5 {[%clk 0:23:22]} 23. Bc6 {[%clk 0:21:39]} Re7
{[%clk 0:22:51]} 24. Ng2 {[%clk 0:20:50]} Be6 {[%clk 0:20:58]} 25. Be4
{[%clk 0:20:50]} Ref7 {[%clk 0:13:02]} 26. Bxg6 {[%clk 0:19:59]} Qxg6
{[%clk 0:13:24]} 27. gxf4 {[%clk 0:19:58]} Qh5 {[%clk 0:11:02]} 28. e4
{[%clk 0:19:29]} exf4 {[%clk 0:11:08]} 29. Nxf4 {[%clk 0:19:04]} Rxf4
{[%clk 0:10:47]} 30. Bxf4 {[%clk 0:19:10]} Rxf4 {[%clk 0:10:43]} 31. f3
{[%clk 0:15:49]} Rxf3 {[%clk 0:08:14]} 32. Rxf3 {[%clk 0:13:01]} gxf3
{[%clk 0:08:07]} 33. Qe3 {[%clk 0:12:25]} Qg5+ {[%clk 0:07:02]} 34. Qxg5
{[%clk 0:11:48]} hxg5 {[%clk 0:07:28]} 35. Kf2 {[%clk 0:10:21]} Bg4
{[%clk 0:06:52]} 36. Kg3 {[%clk 0:10:28]} Bh5 {[%clk 0:07:12]} 37. h4
{[%clk 0:10:30]} Be5+ {[%clk 0:07:30]} 38. Kf2 {[%clk 0:10:14]} g4
{[%clk 0:07:14]} 39. Rd2 {[%clk 0:09:34]} g3+ {[%clk 0:07:31]} 40. Kf1
{[%clk 0:39:19]} Bg4 {[%clk 0:37:48]} 41. d4 {[%clk 0:39:34]} Bh3+
{[%clk 0:38:12]} 42. Kg1 {[%clk 0:38:46]} Bxd4+ {[%clk 0:38:35]} 43. Rxd4
{[%clk 0:38:47]} f2+ {[%clk 0:38:59]} 44. Kh1 {[%clk 0:38:55]} f1=Q#
{[%clk 0:39:19]} 0-1

[Event "5th European Small Nations"]
[Site "Andorra la Vella"]
[Date "2017.11.15"]
[Round "6.1"]
[White "Zerafa, Robert"]
[Black "Rossini, Paul"]
[Result "1-0"]
[BlackElo "1683"]
[WhiteElo "2101"]
[LiveChessVersion "1.4.8"]

1. e4 {[%clk 1:27:54]} e5 {[%clk 1:30:56]} 2. Nf3 {[%clk 1:28:17]} Nc6
{[%clk 1:31:10]} 3. Bb5 {[%clk 1:28:40]} a6 {[%clk 1:31:28]} 4. Ba4
{[%clk 1:29:03]} Bc5 {[%clk 1:30:59]} 5. O-O {[%clk 1:28:51]} Nf6
{[%clk 1:31:09]} 6. Bxc6 {[%clk 1:19:41]} dxc6 {[%clk 1:31:15]} 7. Nxe5
{[%clk 1:20:03]} Qd4 {[%clk 1:26:39]} 8. Nf3 {[%clk 1:19:38]} Bg4
{[%clk 1:25:18]} 9. Nxd4 {[%clk 1:18:40]} Bxd1 {[%clk 1:23:29]} 10. Rxd1
{[%clk 1:19:05]} Bxd4 {[%clk 1:23:44]} 11. c3 {[%clk 1:18:23]} Bb6
{[%clk 1:22:26]} 12. d4 {[%clk 1:18:35]} O-O-O {[%clk 1:20:08]} 13. Bg5
{[%clk 1:18:57]} h6 {[%clk 1:20:10]} 14. Bxf6 {[%clk 1:19:24]} gxf6
{[%clk 1:20:22]} 15. Nd2 {[%clk 1:19:44]} c5 {[%clk 1:19:50]} 16. d5
{[%clk 1:19:57]} Rhe8 {[%clk 1:17:38]} 17. g4 {[%clk 1:18:58]} Rh8
{[%clk 1:16:12]} 18. Kg2 {[%clk 1:16:26]} Rdg8 {[%clk 1:15:28]} 19. h3
{[%clk 1:16:37]} h5 {[%clk 1:15:45]} 20. f3 {[%clk 1:17:02]} Ba7 {[%clk 1:11:55]}
21. a4 {[%clk 1:17:20]} Kd7 {[%clk 1:11:45]} 22. a5 {[%clk 1:15:35]} c6
{[%clk 1:08:12]} 23. Nc4 {[%clk 1:15:40]} hxg4 {[%clk 1:07:57]} 24. hxg4
{[%clk 1:16:06]} cxd5 {[%clk 1:07:08]} 25. Rxd5+ {[%clk 1:16:33]} Ke7
{[%clk 1:05:56]} 26. Rad1 {[%clk 1:16:52]} Bb8 {[%clk 1:05:18]} 27. Nd6
{[%clk 1:14:55]} Ke6 {[%clk 1:04:43]} 28. Nxb7 {[%clk 1:11:46]} Rh2+
{[%clk 1:01:21]} 29. Kg1 {[%clk 1:12:15]} Rc8 {[%clk 1:01:14]} 30. Nxc5+
{[%clk 1:11:35]} Ke7 {[%clk 1:00:47]} 31. b4 {[%clk 1:11:11]} Rc2
{[%clk 0:58:52]} 32. Rd7+ {[%clk 1:09:25]} Ke8 {[%clk 0:58:46]} 33. Rb7
{[%clk 1:09:49]} Bh2+ {[%clk 0:56:33]} 34. Kh1 {[%clk 1:10:17]} Bf4
{[%clk 0:56:09]} 35. Rdd7 {[%clk 1:10:03]} Rc1+ {[%clk 0:54:47]} 36. Kg2
{[%clk 1:04:27]} Rc2+ {[%clk 0:54:33]} 37. Kf1 {[%clk 1:04:54]} Rc1+
{[%clk 0:54:55]} 38. Ke2 {[%clk 1:05:22]} Rc2+ {[%clk 0:55:01]} 39. Kd3
{[%clk 0:50:47]} Rd2+ {[%clk 0:52:12]} 40. Kc4 {[%clk 1:21:16]} Rxd7
{[%clk 1:19:35]} 41. Rxd7 {[%clk 1:21:44]} Rxc5+ {[%clk 1:17:45]} 42. Kxc5
{[%clk 1:22:12]} Kxd7 {[%clk 1:17:59]} 43. Kb6 {[%clk 1:22:41]} Kc8
{[%clk 1:02:10]} 44. c4 {[%clk 1:21:31]} Bd2 {[%clk 1:01:08]} 45. b5
{[%clk 1:21:57]} axb5 {[%clk 1:01:26]} 46. cxb5 {[%clk 1:22:25]} Kb8
{[%clk 0:58:42]} 47. a6 {[%clk 1:16:46]} Be3+ {[%clk 0:58:41]} 48. Kc6
{[%clk 1:17:14]} Ka7 {[%clk 0:56:50]} 49. Kd7 {[%clk 1:17:21]} Bc5
{[%clk 0:56:27]} 50. Ke8 {[%clk 1:17:17]} Kb6 {[%clk 0:54:42]} 51. Kxf7
{[%clk 1:17:45]} Kxb5 {[%clk 0:54:10]} 52. Kxf6 {[%clk 1:18:11]} Kxa6
{[%clk 0:54:13]} 53. g5 {[%clk 1:18:36]} Kb7 {[%clk 0:54:02]} 54. g6
{[%clk 1:18:42]} Kc6 {[%clk 0:53:53]} 55. g7 {[%clk 1:19:08]} Bd4+
{[%clk 0:54:14]} 56. e5 {[%clk 1:19:35]} Kd5 1-0